000 01129nam a22003377a 4500
999 _c31021
_d31021
005 20181022144559.0
010 _aENG-95185 B-710615
020 _a9780070151574
_c510.00
020 _a0070151571
_c510.00
035 _aEN-78718
035 _aB-710615
037 _bTata Mc Graw Hill
082 _a332.632
100 _aBodie, Zvi
245 _aInvestments /
_cZvi Bodie ... [et al.].
250 _a8th ed.
260 _aNew Delhi
_bTata McGraw-Hill Education
_c2009
270 _a7 West Patel Nagar
_bNew Delhi
_e110008
300 _axxxi, 1083 p.
_bill.
_c24 cm.
500 _aRev. ed. of: Investments / Zvi Bodie. 2nd ed. c1993.
504 _aIncludes bibliographical references and indexes.
650 _aInvestments.
650 _aPortfolio management.
700 _aBodie, Zvi.
700 _aKane, Alex
700 _aMarcus, Alan J
700 _aMohanty, Pitabas
942 _2ddc
_cEN
_mBOD
_h332.632